Film d'animazione Disney - Statistics

Statistiche generali
  • Questo quiz è stato fatto 6.377 volte
    936 dall'ultimo reset
  • Il punteggio medio è 30 su 64
Statistiche sulle risposte
Anno Film % Corretto
1937 Biancaneve e i sette nani
98%
1950 Cenerentola
94%
1959 La bella addormenta nel bosco
85%
1991 La bella e la bestia
84%
1989 La sirenetta
82%
2013 Frozen - Il regno di ghiaccio
79%
1998 Mulan
78%
1992 Aladdin
76%
2010 Rapunzel - L'intreccio della torre
75%
1994 Il re Leone
74%
2016 Oceania
70%
1995 Pocahontas
67%
1970 Gli Aristogatti
66%
1940 Fantasia
64%
1999 Fantasia 2000
64%
1940 Pinocchio
64%
1961 La carica dei 101
63%
2009 La principessa e il ranocchio
60%
2019 Frozen II - Il segreto di Arendelle
59%
1953 Le avventure di Peter Pan
58%
1967 Il libro della giungla
57%
1941 Dumbo - L'elefante volante
55%
1942 Bambi
54%
2021 Encanto
54%
1997 Hercules
53%
1955 Lilli e il vagabondo
52%
1973 Robin Hood
50%
1999 Tarzan
48%
1977 Le avventure di Bianca e Bernie
47%
1951 Alice nel Paese delle Meraviglie
46%
1996 Il gobbo di Notre Dame
46%
1990 Bianca e Bernie nella terra dei canguri
45%
1963 La spada nella roccia
45%
2016 Zootropolis
44%
2012 Ralph Spaccatutto
43%
2024 Oceania 2
40%
1981 Red e Toby - Nemiciamici
40%
2000 Le follie dell'imperatore
39%
2001 Atlantis - L'impero perduto
38%
2002 Lilo & Stitch
36%
1977 Le avventure di Winnie the Pooh
33%
2025 Zootropolis 2
33%
2003 Koda, fratello orso
31%
2018 Ralph spacca Internet
31%
2021 Raya e l'ultimo drago
31%
2011 Winnie the Pooh - Nuove avventure nel bosco dei 100 Acri
31%
2002 Il pianeta del tesoro
30%
1944 I tre caballeros
29%
2023 Wish
29%
2014 Big Hero 6
25%
2004 Mucche alla riscossa
25%
2008 Bolt - Un eroe a quattro zampe
23%
2005 Chicken Little - Amici per le penne
23%
1985 Taron e la pentola magica
23%
1986 Basil l'investigatopo
22%
2000 Dinosauri
22%
1942 Saludos Amigos
20%
1988 Oliver & Company
19%
1946 Musica Maestro
17%
2007 I Robinson - Una famiglia spaziale
16%
1947 Bongo e i tre avventurieri
14%
1949 Le avventure di Ichabod e Mr. Toad
14%
1948 Lo scrigno delle sette perle
14%
2022 Strange World - Un mondo misterioso
14%
Nessun quiz corrispondente trovato
Distribuzione punteggi
Percentuale di utenti per punteggio
Percentile per numero di risposta
I tuoi punteggi nel tempo
Non hai fatto questo quiz dall'ultimo reset